|
|
|
|
| LEADER |
00000nam0a2200000 4500 |
| 001 |
92138 |
| 005 |
20231031104528.0 |
| 020 |
|
|
|a RU
|b 80-49780
|
| 035 |
|
|
|a (RuTPU)RU\TPU\book\98738
|
| 090 |
|
|
|a 92138
|
| 100 |
|
|
|a 20060309d1980 m a0rusy5003 ca
|
| 101 |
0 |
|
|a rus
|
| 102 |
|
|
|a RU
|
| 105 |
|
|
|a a j 001zy
|
| 200 |
1 |
|
|a Строительство газовых сетей и сооружений
|e учебник для техникумов
|f А. П. Шальнов
|
| 205 |
|
|
|a 2-е изд., перераб. и доп.
|
| 210 |
|
|
|a Москва
|c Стройиздат
|d 1980
|
| 215 |
|
|
|a 333 с.
|c черт.
|d 22 см.
|
| 610 |
1 |
|
|a газовые сети
|
| 610 |
1 |
|
|a постройка
|
| 610 |
1 |
|
|a строительство
|
| 610 |
1 |
|
|a учебники
|
| 610 |
1 |
|
|a строительные материалы
|
| 610 |
1 |
|
|a строительно-монтажные работы
|
| 610 |
1 |
|
|a эксплуатация
|
| 675 |
|
|
|a 696.2(075.8)
|z rus
|
| 675 |
|
|
|a 622.691.4.07(075.8)
|z rus
|
| 700 |
|
1 |
|a Шальнов
|b А. П.
|g Анатолий Петрович
|4 070
|
| 801 |
|
0 |
|a RU
|b RuMRKP
|c 19950704
|g psbo
|
| 801 |
|
1 |
|a RU
|b 63413507
|c 20060309
|g PSBO
|
| 801 |
|
2 |
|a RU
|b 63413507
|c 20191113
|g PSBO
|
| 942 |
|
|
|c BK
|